[Event "FRA-chT2 Nord 0708"]
[Site "France"]
[Date "2008.03.15"]
[Round "8.7"]
[White "Masztalir, Matthieu"]
[Black "Launiau, Severin"]
[Result "0-1"]
[WhiteElo "1987"]
[BlackElo "2138"]
[PlyCount "72"]
[EventDate "2007.10.21"]
[EventType "team-tourn"]
[EventRounds "11"]
[EventCountry "FRA"]
[SourceTitle "EXT 2009"]
[Source "ChessBase"]
[SourceDate "2008.11.26"]
[SourceVersion "1"]
[SourceVersionDate "2008.11.26"]
[SourceQuality "1"]
[WhiteTeam "Henin Beaumont"]
[BlackTeam "Issy les Moulineaux"]
[WhiteTeamCountry "FRA"]
[BlackTeamCountry "FRA"]

1. e4 e6 2. d4 d5 3. e5 b6 4. Nf3 Qd7 5. Bd3 Ba6 6. 0-0 c5 7. c3 Bxd3 8. Qxd3 Nc6 9. Bd2 h6 10. Rd1 Nge7 11. h3 c4 12. Qe2 g5 13. Nh2 Ng6 14. Rf1 0-0-0 15. Be3 Kb7 16. Nd2 Rc8 17. f4 Nce7 18. g4 gxf4 19. Bxf4 h5 20. gxh5 Nxf4 21. Rxf4 Nf5 22. Ng4 Be7 23. Rf2 Rxh5 24. Nf6 Rg5+ 25. Rg2 Bxf6 26. exf6 Ng3 27. Qf3 Rcg8 28. Nxc4 Ne2+ 29. Qxe2 Rxg2+ 30. Qxg2 Rxg2+ 31. Kxg2 dxc4 32. Rf1 Qb5 33. Rf2 Qg5+ 34. Kh2 Kc6 35. a3 Kd5 36. Kh1 Qg3 0-1

[Event "FRA-chT2 0304"]
[Site "France"]
[Date "2004.01.18"]
[Round "6"]
[White "Masztalir, Matthieu"]
[Black "Sidhoum, Mohamed"]
[Result "0-1"]
[WhiteElo "1940"]
[BlackElo "2157"]
[PlyCount "64"]
[EventDate "2003.10.??"]
[EventType "team-tourn"]
[EventRounds "11"]
[EventCountry "FRA"]
[SourceTitle "EXT 2005"]
[Source "ChessBase"]
[SourceDate "2004.11.15"]
[SourceVersion "1"]
[SourceVersionDate "2004.11.15"]
[SourceQuality "1"]

1. e4 e5 2. Nf3 Nf6 3. Nxe5 d6 4. Nf3 Nxe4 5. d4 d5 6. Bd3 Bd6 7. 0-0 0-0 8. c4 c6 9. cxd5 cxd5 10. Nc3 Nxc3 11. bxc3 Bg4 12. h3 Bh5 13. Rb1 Nd7 14. c4 dxc4 15. Bxc4 Nb6 16. Bb3 Re8 17. g4 Bg6 18. Bc2 Rc8 19. Bxg6 hxg6 20. a4 Qd7 21. a5 Nc4 22. Bd2 b6 23. axb6 axb6 24. Bb4 Bf4 25. Qd3 Qd5 26. Rfe1 Re3 27. fxe3 Qxf3 28. Qf1 Bxe3+ 29. Kh2 Bf2 30. Qg2 Qf4+ 31. Kh1 Bxe1 32. Rxe1 Qxd4 0-1